Contemporary management /
Improve student learning outcomes using Connect, our easy-to-use homework and learning management solution that embeds learning science and award-winning adaptive tools to improve student results. Incorporate recent developments in management theory and research with current examples of how managers...
Saved in:
| Main Author: | |
|---|---|
| Other Authors: | |
| Format: | Book |
| Published: |
Boston :
McGraw-Hill Irwin,
c2009.
|
| Edition: | 6th ed. |
| Subjects: | |
| Online Access: | http://www.loc.gov/catdir/toc/ecip0826/2008037273.html |
| Tags: |
Add Tag
No Tags, Be the first to tag this record!
|
MARC
| LEADER | 00000cam a2200000 a 4500 | ||
|---|---|---|---|
| 005 | 20250925074803.0 | ||
| 020 | |a 9780073530437 |c TZS 10,000/= | ||
| 040 | |a MCCL |b eng. |e AACR 2nd rev.ed | ||
| 082 | 0 | 0 | |a 658 JON |
| 100 | 1 | |a Jones, Gareth R. | |
| 245 | 1 | 0 | |a Contemporary management / |c Gareth R. Jones and Jennifer M. George. |
| 250 | |a 6th ed. | ||
| 260 | |a Boston : |b McGraw-Hill Irwin, |c c2009. | ||
| 300 | |a xl, 730 p. : |b ill. , ; |c 29 cm. | ||
| 504 | |a Includes index. | ||
| 520 | |a Improve student learning outcomes using Connect, our easy-to-use homework and learning management solution that embeds learning science and award-winning adaptive tools to improve student results. Incorporate recent developments in management theory and research with current examples of how managers of companies large and small have responded to changes taking place in business. Infuse real managers who brought about change within their organization using their Manager as a Person feature allowing students to see real-life on-the-job challenges | ||
| 546 | |a eng. | ||
| 650 | 0 | |a Management. | |
| 700 | 1 | |a George, Jennifer M. | |
| 856 | 4 | 1 | |u http://www.loc.gov/catdir/toc/ecip0826/2008037273.html |
| 942 | |c BK | ||
| 999 | |c 11157 |d 11157 | ||